| 000 | 00470cam a2200205u 4500 | ||
|---|---|---|---|
| 001 | 9427064 | ||
| 005 | 20180314085201.0 | ||
| 008 | 820623m19689999xx a 000 0 eng | ||
| 010 | _a 68004650 | ||
| 040 |
_aDLC _cCarP _dDLC |
||
| 041 | _aeng | ||
| 080 |
_a7 LAN _x |
||
| 082 | _a7 LAN | ||
| 100 | 1 | _a44 | |
| 101 | _aART | ||
| 245 | 1 | 0 | _aExploring music |
| 740 | 0 | _aMan and his arts. | |
| 906 |
_a0 _bcbc _cpremunv _du _encip _f19 _gy-gencatlg |
||
| 942 |
_2ddc _cBK |
||
| 999 |
_c45025 _d45025 |
||